| 000 | 00645nam a2200229Ia 4500 | ||
|---|---|---|---|
| 008 | 160319s9999 xx 000 0 und d | ||
| 245 | _aMen of history : | ||
| 245 | _bMandela, Ali / | ||
| 245 | _cDiscovery Channel. | ||
| 260 | _aCanada : | ||
| 260 | _bDiscovery Commmunications/Exploration Production Inc., | ||
| 260 | _c2010 | ||
| 300 | _a1 videodisc (44 minutes) : | ||
| 300 | _bsound., color ; | ||
| 300 | _c4 3/4 in. | ||
| 650 | _aAli, Muhammad 1942- | ||
| 650 | _aBoxers (Sports) -- | ||
| 650 | _aMandela, Nelson, 1918- | ||
| 650 | _aPresidents -- South Africa -- | ||
| 650 | _xBiography. | ||
| 650 | _xBiography. | ||
| 999 |
_c292540 _d292540 |
||